=LDR 00000nam 2200000 4500 =001 INLIS000000000001838 =005 20130612090225 =008 ***********************************Ind** =035 ##$$0010-061300000001838 =041 ##$$a Ind =082 ##$$a 711.409 598 =090 ##$$a 711.409 598, Mar k =100 ##$$a Marbun,BN =245 ##$$a Kota Indonesia masa depan, masalah dan prospek, B.N. Marbun, SH =260 ##$$a 1990 $b Jakarta =300 ##$$a xiii, 185 hlm, Ilus, 23 cm =650 ##$$a Seni perkotaan-Indonesia =850 ##$$a NBPNMAT